Rosa luxemburg: (Record no. 15579)

MARC details
000 -LEADER
fixed length control field 00979nam a22002657a 4500
005 - DATE AND TIME OF LATEST TRANSACTION
control field 20080923102150.0
008 - FIXED-LENGTH DATA ELEMENTS--GENERAL INFORMATION
fixed length control field 080923t xxu||||| |||| 00| 0 eng d
010 ## - LCCN (DPL NO)
LC control number ENG-91027
020 ## - INTERNATIONAL STANDARD BOOK NUMBER
Terms of availability 150.00
035 ## - SYSTEM CONTROL NUMBER
System control number EN-74560
037 ## - SOURCE OF ACQUISITION
Source of stock number/acquisition DBAD / PUB
040 ## - CATALOGING SOURCE
Original cataloging agency dpl
Language of cataloging English
082 ## - DEWEY DECIMAL CLASSIFICATION NUMBER
Classification number 335.43092
100 ## - MAIN ENTRY--PERSONAL NAME
Personal name Ray, Nirmal
245 ## - TITLE STATEMENT
Title Rosa luxemburg:
Statement of responsibility, etc by Nirmal Ray
Remainder of title life and personality /
260 ## - PUBLICATION, DISTRIBUTION, ETC. (IMPRINT)
Place of publication, distribution, etc Kolkata
Name of publisher, distributor, etc Little Publishers
Date of publication, distribution, etc 2007
270 ## - ADDRESS
Address P494A, Keyatala Raod,
City Kolkata
Postal code 700029
300 ## - PHYSICAL DESCRIPTION
Extent xxxiv, 74p.
Dimensions 22 cm (Hb)
500 ## - GENERAL NOTE
General note Includes bibliographical references and index
600 ## - SUBJECT ADDED ENTRY--PERSONAL NAME
Personal name Luxemburg, Rosa, 1871-1919.
General subdivision Biography
650 ## - SUBJECT ADDED ENTRY--TOPICAL TERM
Topical term or geographic name as entry element Socialism
General subdivision History
Geographic subdivision Germany
650 ## - SUBJECT ADDED ENTRY--TOPICAL TERM
Topical term or geographic name as entry element Communalism
Geographic subdivision Germany
942 ## - ADDED ENTRY ELEMENTS (KOHA)
Source of classification or shelving scheme Dewey Decimal Classification
Item type English Books
Call number suffix RAY
Classification part 335.43092
Holdings
Withdrawn status Lost status Source of classification or shelving scheme Damaged status Not for loan Collection code Home library Current library Date acquired Source of acquisition Cost, normal purchase price Total Checkouts Full call number Barcode Date last seen Copy number Cost, replacement price Koha item type
    Dewey Decimal Classification   Not For Loan Non-fiction D.B.Act.Division D.B.Act.Division 23/09/2008 DBAD / PUB 150.00   335.43092 RAY EN-74560 23/09/2008 1 150.00 English Books

© Delhi Public Library
Hit Counter
free hit counter